000 00631nam a2200205 u 4500
005 20240228064032.0
008 111104s2005 es r 000 0 spa d
020 _a1405448288
035 _aUPN01000182411
049 _aI
050 4 _aPZ71
_bG6.22
100 1 _aGoldsack, Gaby,
_d1966-
_933471
245 1 0 _aCaperucita roja /
_cGaby Goldsack ; il. Emma Lake ; tr. Raquel Valle.
260 _aBarcelona, Esp. :
_bParragon,
_cc2005.
300 _a29 p. :
_bprincipalmente il. col.
440 0 _aMis primeras lecturas
650 4 _aCuentos infantiles
_96744
650 4 _aLibros y lectura para niƱos
_92290
905 _aInfantil
999 _c154514
_d154514